General Engineering Knowledge for Marine Engineers / (Record no. 261)

000 -LEADER
fixed length control field 00696nam a2200205Ia 4500
008 - FIXED-LENGTH DATA ELEMENTS--GENERAL INFORMATION
fixed length control field 190805s9999||||xx |||||||||||||| ||und||
020 ## - INTERNATIONAL STANDARD BOOK NUMBER
International Standard Book Number 9781408175965
Terms of availability Rs. 1599.00
082 04 - DEWEY DECIMAL CLASSIFICATION NUMBER
Classification number 623.87
Item number J1321
100 1# - MAIN ENTRY--PERSONAL NAME
Personal name Jackson, Leslie
245 10 - TITLE STATEMENT
Title General Engineering Knowledge for Marine Engineers /
250 ## - EDITION STATEMENT
Edition statement 5th ed.
260 ## - PUBLICATION, DISTRIBUTION, ETC. (IMPRINT)
Place of publication, distribution, etc London :
Name of publisher, distributor, etc Bloomsbury,
Date of publication, distribution, etc 2013, reprinted 2015
300 ## - PHYSICAL DESCRIPTION
Extent viii, 574 p.
Other physical details : ill.
Dimensions ; 24 cm.
490 00 - SERIES STATEMENT
Series statement Reeds Marine Engineering and Technologu;
Volume number/sequential designation Vol. 8
650 #0 - SUBJECT ADDED ENTRY--TOPICAL TERM
Topical term or geographic name as entry element Marine engineering
700 1# - ADDED ENTRY--PERSONAL NAME
Personal name Morton, Thomas D.
700 1# - ADDED ENTRY--PERSONAL NAME
Personal name Russell, Paul A.
852 ## - LOCATION/CALL NUMBER
Location
942 ## - ADDED ENTRY ELEMENTS (KOHA)
Item type Books
Holdings
Withdrawn status Lost status Damaged status Not for loan Collection code Permanent location Current location Shelving location Date acquired Source of acquisition Cost, normal purchase price Total Checkouts Full call number Barcode Date last seen Date last borrowed Koha item type Public note Total Renewals
        Engineering IMU Kochi Library IMU Kochi Library General Stacks 2017-07-26 Sterling Book House 1599.00 9 623.87 J1321 BK004399 2023-05-25 2023-05-11 Books Shelf-11, Row-2  
        Engineering IMU Kochi Library IMU Kochi Library General Stacks 2017-07-26 Sterling Book House 1599.00 8 623.87 J1321 BK004398 2023-03-08 2023-03-08 Books Shelf-11, Row-2 1


Copyright © All Rights Reserved by Indian Maritime University, Kochi Campus.
For any Suggestions/Query Contact to library or Email: library.kochi@imu.ac.in Ph:(0484)-2989402
(Web OPAC Designed by Rudra Ranjan. Maintained by IMU Kochi Library)

Powered by Koha